| 000 | 00498nam a22001697a 4500 | ||
|---|---|---|---|
| 003 | OSt | ||
| 005 | 20120302151526.0 | ||
| 008 | 091112t xxu||||| |||| 00| 0 eng d | ||
| 035 | _a१६०८२ | ||
| 040 | _cमराठी | ||
| 100 |
_aदाते, हेमंत _910043 |
||
| 222 | _aपक्षी | ||
| 245 | _aनिसर्ग बोलतोय (भाग २ रा) | ||
| 260 |
_aठाणे _bफुलराणी |
||
| 300 | _b५२ पाने | ||
| 942 |
_2ddc _cBOOK |
||
| 999 |
_c494772 _d494769 |
||